Els Hàbits i valors dels joves metropolitans (1998)
Descripción Física:
114, [8] p. : gràfics, taules ; 29 cm
MARC
| LEADER | 00000nam a2200000Ia 4500 | ||
|---|---|---|---|
| 001 | 21868 | ||
| 008 | 160829s9999 xx 000 0 cat d | ||
| 080 | |a M-6-257 | ||
| 245 | |a Els Hàbits i valors dels joves metropolitans (1998) | ||
| 260 | |a Barcelona : |b Diputació de Barcelona. Oficina del Pla Jove, [1999?] | ||
| 300 | |a 114, [8] p. : |b gràfics, taules ; |c 29 cm | ||
| 500 | 9 | 0 | |a Hi ha un duplicat: 868 caixa21 (PDL) |
| 650 | |a Joves |x Aspectes socials |x Enquestes |9 46121 | ||
| 650 | |a Enquestes socials |x Barcelona |9 37315 | ||
| 710 | 1 | |a Barcelona (Catalunya : Província). |b Oficina del Pla Jove |9 52707 | |
| 901 | |a Arxiu | ||
| 942 | |n 1 |2 udc | ||
| 952 | |0 0 |1 0 |4 0 |6 M6257 |7 1 |9 53011 |a Arxiu |b Arxiu |d 2016-12-01 |l 0 |o M-6-257 |p 21868 |r 2016-12-01 00:00:00 |w 2016-12-01 |y ARXIU | ||
| 999 | |c 56860 |d 56860 | ||